中国声母b开头的城市(城市点位地图版) - Statistics

General Stats
  • This quiz has been taken 19 times
  • The average score is 20 of 27
Answers on the Map
Answers color-coded by a green-red scale on the quiz's map according to % correct below.
 
Answer Stats
省级行政区 城市 % Correct
直辖市 北京市
100%
内蒙古自治区 包头市
94%
吉林省 白山市
94%
吉林省 白城市
94%
河北省 保定市
88%
安徽省 亳州市
88%
陕西省 宝鸡市
88%
内蒙古自治区 巴彦淖尔市
82%
安徽省 蚌埠市
82%
山东省 滨州市
82%
广西壮族自治区 北海市
82%
广西壮族自治区 百色市
82%
四川省 巴中市
82%
贵州省 毕节市
82%
云南省 保山市
71%
甘肃省 白银市
71%
河北省 霸州市
65%
辽宁省 本溪市
65%
广西壮族自治区 北流市
65%
辽宁省 北镇市
59%
辽宁省 北票市
59%
陕西省 彬州市
59%
新疆维吾尔自治区 博乐市
59%
黑龙江省 北安市
53%
新疆维吾尔自治区 北屯市
53%
新疆维吾尔自治区 白杨市
47%
河北省 泊头市
24%
No matching quizzes found
Score Distribution
Percent of People with Each Score
Percentile by Number Answered
Your Score History
You have not taken this quiz